CLINICAL PHARMACOKINETICS (Record no. 22932)

MARC details
000 -LEADER
fixed length control field 00327nam a22001457a 4500
003 - CONTROL NUMBER IDENTIFIER
control field SGT
020 ## - INTERNATIONAL STANDARD BOOK NUMBER
International Standard Book Number 9780853695714
082 ## - DEWEY DECIMAL CLASSIFICATION NUMBER
Classification number 615.05
Item number C06D
100 ## - MAIN ENTRY--PERSONAL NAME
Personal name DHILLON, SORAYA,ed.
245 ## - TITLE STATEMENT
Title CLINICAL PHARMACOKINETICS
260 ## - PUBLICATION, DISTRIBUTION, ETC. (IMPRINT)
Place of publication, distribution, etc INDIA
Name of publisher, distributor, etc PHARMACEUTICAL PRESS
Year of Publication 2006
300 ## - PAGE DESCRIPTION
No. of Pages 262
650 ## - SUBJECT ADDED ENTRY--TOPICAL TERM
Topical term or geographic name as entry element PHARMACY
942 ## - ADDED ENTRY ELEMENTS (KOHA)
Source of classification or shelving scheme Dewey Decimal Classification
Koha item type Books
Holdings
Withdrawn status Lost status Source of classification or shelving scheme Damaged status Use restrictions Not for loan Collection code Home library Current library Shelving location Date acquired Vendor Name Cost, normal purchase price SGTU Bill Number Full call number Accession No. (Barcode) Date last seen Bill Date Koha item type
    Dewey Decimal Classification   Restricted Access   PHARMACY SGT FA-FP Library SGT FA-FP Library Reference Book 25/06/2022 AHUJA PUBLICATION 2395.00 SGTU 14474 615.05 C06D FP4279 25/06/2022 19/05/2022 Books